000 00438nam a2200181Ia 4500
001 10822
005 20260306161900.0
008 260306t1961||||xx |||||||||||||| ||spa||
041 _aESP
082 _a973.1
_bJ13
100 _aTurner, Frederick Jackson
_eAUT
245 0 _aLa frontera en la historia americana
260 _c1961
300 _a326 páginas :
_c21cm.
650 _aGEN
654 _aCHU
942 _cLIB
_dJUS
_fJUS
_2ddc
_n
999 _c10822
_d10822